Salud mental y sistema de salud. Prestaciones médicas y amparos / (Registro nro. 5816)
[ vista simple ]
| 000 -LEADER | |
|---|---|
| fixed length control field | 01060nab a22002057a 4500 |
| 003 - CONTROL NUMBER IDENTIFIER | |
| control field | OSt |
| 005 - DATE AND TIME OF LATEST TRANSACTION | |
| control field | 20260106234248.0 |
| 008 - FIXED-LENGTH DATA ELEMENTS--GENERAL INFORMATION | |
| fixed length control field | 190514b xxu||||| |||| 00| 0 spa d |
| 040 ## - CATALOGING SOURCE | |
| Transcribing agency | PJ |
| 100 ## - MAIN ENTRY--PERSONAL NAME | |
| 9 (RLIN) | 6725 |
| Personal name | Graciadio, Ricardo Nadir |
| 245 10 - TITLE STATEMENT | |
| Title | Salud mental y sistema de salud. Prestaciones médicas y amparos / |
| Statement of responsibility, etc | Ricardo Nadir Graciadio. |
| 300 ## - PHYSICAL DESCRIPTION | |
| Extent | p. 109-113 |
| 505 ## - FORMATTED CONTENTS NOTE | |
| Formatted contents note | Sumario: I. Introducción.— II. Ley nacional 26.657 de Salud Mental.— III. Cómo interpretar la Ley de Salud Mental.— IV. Utilización del recurso de amparo frente a problemáticas de la salud mental.— V. La defensa de la persona en virtud del principio pro homine en favor de las personas con enfermedades mentales.— VI. Conclusiones. |
| 505 ## - FORMATTED CONTENTS NOTE | |
| Title | Si te interesa el texto, comunicate a koha@justierradelfuego.gov.ar |
| 650 #0 - SUBJECT ADDED ENTRY--TOPICAL TERM | |
| 9 (RLIN) | 1272 |
| Topical term or geographic name as entry element | SALUD MENTAL |
| 650 #0 - SUBJECT ADDED ENTRY--TOPICAL TERM | |
| 9 (RLIN) | 1253 |
| Topical term or geographic name as entry element | DERECHO A LA SALUD |
| 650 #0 - SUBJECT ADDED ENTRY--TOPICAL TERM | |
| 9 (RLIN) | 1223 |
| Topical term or geographic name as entry element | ACCION DE AMPARO |
| 773 0# - HOST ITEM ENTRY | |
| Host Biblionumber | 2844 |
| Host Itemnumber | 3222 |
| Place, publisher, and date of publication | Buenos Aires : AbeledoPerrot, 1989- |
| Title | Derecho de familia. N° 117 - Noviembre 2024 |
| International Standard Book Number | 18511201 |
| 942 ## - ADDED ENTRY ELEMENTS (KOHA) | |
| Source of classification or shelving scheme | |
| Koha item type | Analítica Artículo de Revista |
No hay ítems disponibles.
